[Event "SF Olfen 1 - SF Telgte 1"]
[Site "Verbandsliga 2019/2020"]
[Date "2020.02.01"]
[Round "6.5"]
[White "Pohl, Detlev"]
[Black "Pinno, Gregor"]
[Result "1-0"]
[WhiteElo "1798"]
[BlackElo "1890"]
[PlyCount "216"]
[EventDate "2020.??.??"]
[SourceDate "2019.09.14"]

1. e4 d6 2. f4 Nf6 3. Nc3 Nbd7 4. d3 e5 5. Nf3 c6 6. Be3 Be7 7. Qd2 Qc7 8. d4
exd4 9. Bxd4 O-O 10. g4 d5 11. exd5 Bd6 12. O-O-O Bxf4 13. Be3 Bxe3 14. Qxe3
Nxd5 15. Nxd5 cxd5 16. g5 Nb6 17. h4 Bf5 18. Nd4 Rac8 19. c3 Be4 20. Bd3 Bxh1
21. Rxh1 Rfe8 22. Qf3 Qe5 23. Kb1 Nc4 24. Rd1 g6 25. Bxc4 dxc4 26. Ka1 Re7 27.
a3 Rce8 28. Rf1 a6 29. Ka2 Qe4 30. Qf2 Qd5 31. Qf6 a5 32. h5 Qe5 33. hxg6 hxg6
34. Qf2 Qxg5 35. Rh1 b5 36. Qh2 Qf6 37. Nxb5 Re2 38. Qh7+ Kf8 39. Qh6+ Qg7 40.
Qf4 Qe5 41. Qh6+ Qg7 42. Qf4 R2e4 43. Qh2 R4e5 44. a4 Rh5 45. Qd6+ Kg8 46. Rd1
Qe5 47. Qd7 Kg7 48. Rf1 Re7 49. Qc6 Rh2 50. Nd4 Rh5 51. Rf2 Rh2 52. Rf1 Qb8 53.
Qf6+ Kg8 54. Nb5 Qe5 55. Qb6 Qe2 56. Rb1 Kh7 57. Nd4 Qf2 58. Qxa5 Rb7 59. Nb5
Qc2 60. Qb4 Qe2 61. Qf8 Qc2 62. Qb4 Qe2 63. Qf8 g5 64. Qc5 g4 65. Qf5+ Kh6 66.
Qf6+ Kh5 67. Qc6 Qg2 68. Qf6 Qc2 69. Qe5+ f5 70. Qh8+ Kg5 71. Qg8+ Kh4 72. Qxc4
Qe4 73. Nd4 Ra7 74. Rf1 Qg2 75. Nxf5+ Kh3 76. Rb1 Qc2 77. Qf1+ Rg2 78. Qh1+ Rh2
79. Qf1+ Qg2 80. Qc4 Rb7 81. Qd3+ g3 82. Qxg3+ Qxg3 83. Nxg3 Kxg3 84. Ka3 Rc2
85. a5 Kf4 86. a6 Ra7 87. Kb3 Rh2 88. Ra1 Rh6 89. Kc4 Rhxa6 90. Rf1+ Ke5 91. b4
Rc6+ 92. Kb3 Rac7 93. Rf3 Kd6 94. Rd3+ Ke7 95. b5 Rc5 96. Kb4 Rc4+ 97. Ka5 Rxc3
98. Rd1 Rb3 99. Kb6 Rc4 100. Rd5 Ke6 101. Rc5 Rg4 102. Rh5 Kd7 103. Rh7+ Kd6
104. Rh5 Re4 105. Ka6 Re5 106. Rh6+ Kc5 107. Rc6+ Kd5 108. Rc1 Kd6 1-0

[Event "SF Olfen 1 - SF Telgte 1"]
[Site "Verbandsliga 2019/2020"]
[Date "2020.02.01"]
[Round "6.6"]
[White "Preuss, Richard"]
[Black "Pohl, Tim"]
[Result "0-1"]
[WhiteElo "1733"]
[BlackElo "1865"]
[PlyCount "79"]
[EventDate "2020.??.??"]
[SourceDate "2019.09.14"]

1. e4 d5 2. exd5 Nf6 3. Nc3 Nxd5 4. Nxd5 Qxd5 5. d4 c5 6. Be3 cxd4 7. Qxd4 Qxd4
8. Bxd4 Nc6 9. Bb5 Bd7 10. Nf3 f6 11. O-O e5 12. Bc3 Bc5 13. Rad1 O-O-O 14. Rd5
Bb6 15. Rfd1 Bf5 16. Ne1 Nd4 17. Rxd8+ Rxd8 18. Bd3 Bxd3 19. Rxd3 Ne2+ 20. Kf1
Rxd3 21. cxd3 Nf4 22. Bd2 Nd5 23. Nc2 Kd7 24. Ke2 Kc6 25. Ne3 Nf4+ 26. Kf3 Nxd3
27. b3 Bxe3 28. Bxe3 Nc5 29. Kg4 g6 30. f4 h5+ 31. Kf3 e4+ 32. Kg3 f5 33. Kh4
Ne6 34. h3 a6 35. g4 hxg4 36. hxg4 Kd5 37. gxf5 gxf5 38. Kh5 Nd4 39. Kg5 Nc2
40. Bc1 0-1

[Event "SF Olfen 1 - SF Telgte 1"]
[Site "Verbandsliga 2019/2020"]
[Date "2020.02.01"]
[Round "6.7"]
[White "Esser, Peter"]
[Black "Steffens, Gerd"]
[Result "1-0"]
[WhiteElo "1733"]
[BlackElo "1802"]
[PlyCount "81"]
[EventDate "2020.??.??"]
[SourceDate "2019.09.14"]

1. d4 e6 2. c4 b6 3. e4 Bb7 4. Nc3 Bb4 5. Qc2 Qh4 6. Bd3 f5 7. g3 Bxc3+ 8. bxc3
Qh5 9. Be2 Qf7 10. Bf3 fxe4 11. Bxe4 Bxe4 12. Qxe4 c6 13. Ba3 Nf6 14. Qe2 Na6
15. Bd6 Qg6 16. f3 c5 17. Nh3 Kf7 18. Nf4 Qh6 19. Nd3 Rhe8 20. O-O Kg8 21. Kg2
Rac8 22. Bf4 Qh5 23. g4 Qf7 24. Bd6 e5 25. dxe5 Qxc4 26. Qd2 Nd5 27. Rac1 Nac7
28. Bxc7 Rxc7 29. Rfe1 Rf8 30. Re4 Qa6 31. c4 Ne7 32. Nf4 Qb7 33. Rd1 Qc8 34.
Nd5 Nxd5 35. Qxd5+ Rf7 36. f4 Qf8 37. Kg3 Kh8 38. f5 Rc6 39. e6 Qb8+ 40. Kg2
dxe6 41. Qxc6 1-0

[Event "SF Olfen 1 - SF Telgte 1"]
[Site "Verbandsliga 2019/2020"]
[Date "2020.02.01"]
[Round "6.8"]
[White "Limberg, Thomas"]
[Black "Rex, Dieter"]
[Result "1-0"]
[WhiteElo "1700"]
[BlackElo "1710"]
[PlyCount "63"]
[EventDate "2020.??.??"]
[SourceDate "2019.09.14"]

1. d4 d5 2. c4 c6 3. Nf3 Nf6 4. Qc2 e6 5. Nbd2 Bd6 6. g3 O-O 7. Bg2 Nbd7 8. O-O
h6 9. e4 dxe4 10. Nxe4 Nxe4 11. Qxe4 Nf6 12. Qc2 Bd7 13. Ne5 Qb8 14. f4 Rd8 15.
Bd2 Qc7 16. b4 Rac8 17. Rac1 Qb8 18. a4 a6 19. Qb3 b5 20. axb5 cxb5 21. c5 Bxe5
22. fxe5 Nd5 23. Qf3 Rf8 24. Qg4 Ne7 25. Bxh6 Ng6 26. Be4 Be8 27. Bxg6 fxg6 28.
Rxf8+ Kxf8 29. Rf1+ Kg8 30. Qxe6+ Kh7 31. Rf8 g5 32. Bxg7 1-0

[Event "SK Gescher 1 - Südlohner SV 2"]
[Site "Verbandsliga 2019/2020"]
[Date "2020.02.01"]
[Round "6.1"]
[White "Teloeken, Daniel"]
[Black "Scho, Christian"]
[Result "1-0"]
[WhiteElo "1943"]
[BlackElo "2058"]
[PlyCount "129"]
[EventDate "2020.??.??"]
[SourceDate "2019.09.14"]

1. c4 e5 2. g3 c6 3. d4 e4 4. Bg2 d5 5. Nc3 Nf6 6. Bg5 Be7 7. cxd5 cxd5 8. Qb3
Nc6 9. Bxf6 Bxf6 10. e3 Be6 11. Qxb7 Rc8 12. Nge2 O-O 13. Nf4 Qd6 14. Qb5 Nb4
15. O-O g5 16. Nxe6 fxe6 17. Qe2 e5 18. a3 Nd3 19. Nxd5 Qxd5 20. Qxd3 exd3 21.
Bxd5+ Kg7 22. dxe5 Bxe5 23. Rad1 Rfd8 24. Rxd3 Bxb2 25. Rb3 Rb8 26. Rxb8 Rxb8
27. a4 Be5 28. Be4 Rb4 29. Bc6 h5 30. Rd1 Kf6 31. Rd7 a5 32. Kg2 Rb2 33. Rh7
Bc3 34. Rxh5 Be1 35. h4 Rxf2+ 36. Kh3 gxh4 37. Rxh4 Re2 38. Re4 Bd2 39. Rf4+
Ke5 40. Rd4 Bxe3 41. Rd5+ Kf6 42. Rxa5 Rc2 43. Bf3 Rc3 44. Kg4 Rc4+ 45. Kh3 Bd2
46. Rd5 Be1 47. Rd6+ Ke7 48. Rd3 Kf6 49. Bd1 Rc5 50. Kg2 Kf5 51. Kf3 Rc7 52.
g4+ Kf6 53. Ke4 Rc5 54. Rd6+ Ke7 55. Rd5 Rc4+ 56. Kf5 Bg3 57. a5 Rf4+ 58. Kg5
Rf2 59. Bb3 Rb2 60. Bc4 Rb4 61. Bd3 Ke6 62. Rf5 Ra4 63. a6 Ke7 64. Bb5 Ra1 65.
Kg6 1-0

[Event "SK Gescher 1 - Südlohner SV 2"]
[Site "Verbandsliga 2019/2020"]
[Date "2020.02.01"]
[Round "6.2"]
[White "Eissing, Christoph"]
[Black "Emming, Benedikt"]
[Result "1-0"]
[WhiteElo "2026"]
[BlackElo "1831"]
[PlyCount "133"]
[EventDate "2020.??.??"]
[SourceDate "2019.09.14"]

1. e4 c5 2. Nf3 Nf6 3. Nc3 Nc6 4. d4 cxd4 5. Nxd4 e5 6. Ndb5 d6 7. Bg5 a6 8.
Na3 b5 9. Bxf6 gxf6 10. Nd5 f5 11. Bd3 Be6 12. Qh5 Bg7 13. c3 f4 14. g3 Bxd5
15. exd5 Ne7 16. gxf4 Nxd5 17. Be4 Nf6 18. Bc6+ Kf8 19. Qf5 Qc8 20. Qxc8+ Rxc8
21. Bb7 Re8 22. O-O-O Bh6 23. Kc2 Bxf4 24. h3 Ke7 25. Bxa6 Ne4 26. Rhf1 Reg8
27. Bb7 f5 28. Nxb5 Rg6 29. Nc7 Rh6 30. Nd5+ Kd7 31. Nxf4 exf4 32. Rde1 Rxh3
33. Bxe4 fxe4 34. Rxe4 Rf8 35. a4 h5 36. a5 h4 37. Ree1 Rh2 38. Kd3 h3 39. Ke2
f3+ 40. Ke3 Rg2 41. Rh1 h2 42. Rd1 Rfg8 43. Rd4 Rh8 44. Rdd1 Rhg8 45. a6 Kc7
46. a7 Kb7 47. Rxd6 Rh8 48. Rdd1 Kxa7 49. Kxf3 Rg7 50. Ke2 Re7+ 51. Kf1 Kb6 52.
Rd3 Kc5 53. b3 Rb7 54. c4 Ra7 55. Kg2 Rg7+ 56. Rg3 Rgh7 57. f4 Ra7 58. Rf3 Rg7+
59. Kf2 Ra8 60. Ke3 Re8+ 61. Kd3 Rg2 62. f5 Ree2 63. f6 Rd2+ 64. Ke4 Rde2+ 65.
Kf4 Rg1 66. Rf1 Reg2 67. f7 1-0

[Event "SK Gescher 1 - Südlohner SV 2"]
[Site "Verbandsliga 2019/2020"]
[Date "2020.02.01"]
[Round "6.3"]
[White "Sparwel, Oliver"]
[Black "Lanfer, Stefan"]
[Result "0-1"]
[WhiteElo "1945"]
[BlackElo "1772"]
[PlyCount "58"]
[EventDate "2020.??.??"]
[SourceDate "2019.09.14"]

1. d4 d5 2. c4 Nf6 3. cxd5 Bf5 4. Qa4+ c6 5. dxc6 Nxc6 6. e3 Bxb1 7. Rxb1 Qd5
8. Nf3 e6 9. Bb5 Rc8 10. O-O Bd6 11. Bd2 O-O 12. Bxc6 Rxc6 13. a3 Ra6 14. Qd1
Ne4 15. Rc1 g5 16. Be1 g4 17. Ne5 f5 18. f3 Nf6 19. Bg3 Nh5 20. Nd7 Nxg3 21.
hxg3 Rf7 22. Rc8+ Kg7 23. Nc5 Rb6 24. b4 Bxg3 25. fxg4 f4 26. Qd3 Qg5 27. exf4
Qh4 28. Rf3 Qh2+ 29. Kf1 Qh1+ 0-1

[Event "SK Gescher 1 - Südlohner SV 2"]
[Site "Verbandsliga 2019/2020"]
[Date "2020.02.01"]
[Round "6.4"]
[White "Lanfer, Stefanie"]
[Black "Schmeing, Walter"]
[Result "0-1"]
[WhiteElo "1882"]
[BlackElo "1962"]
[PlyCount "82"]
[EventDate "2020.??.??"]
[SourceDate "2019.09.14"]

1. e4 e5 2. d4 exd4 3. Qxd4 Nc6 4. Qe3 Nf6 5. Nc3 Bb4 6. Bd2 d6 7. O-O-O O-O 8.
f4 Re8 9. Qg3 Nxe4 10. Nxe4 Rxe4 11. c3 Bc5 12. Bd3 Re8 13. Nf3 Qf6 14. Ng5 Bf5
15. Rhe1 Qg6 16. Bc4 Rf8 17. b4 Bb6 18. Bb3 h6 19. Nf3 Qxg3 20. hxg3 Rfe8 21.
Nh2 Kf8 22. a4 Bf2 23. Rxe8+ Rxe8 24. g4 Bd3 25. b5 Na5 26. Bc2 Be2 27. Rh1 Nc4
28. f5 Be3 29. Bxe3 Nxe3 30. Nf3 Nxg4 31. Nd4 Nf6 32. Kd2 Bc4 33. Bd1 Bd5 34.
Rg1 Ne4+ 35. Kc2 Ng3 36. Kd2 Be4 37. Bc2 Bxc2 38. Kxc2 Ne2 39. Nxe2 Rxe2+ 40.
Kb3 Ke7 41. g4 Kf6 0-1

[Event "SK Gescher 1 - Südlohner SV 2"]
[Site "Verbandsliga 2019/2020"]
[Date "2020.02.01"]
[Round "6.5"]
[White "Richters, Alfred"]
[Black "Brands, Julian"]
[Result "1-0"]
[WhiteElo "1840"]
[BlackElo "1736"]
[PlyCount "79"]
[EventDate "2020.??.??"]
[SourceDate "2019.09.14"]

1. d4 Nf6 2. Nc3 b6 3. e4 Bb7 4. Bd3 d6 5. f4 Nbd7 6. Nf3 e6 7. Qe2 Qe7 8. Nb5
Nb8 9. O-O a6 10. Na3 g6 11. c3 Bg7 12. Bd2 Nbd7 13. e5 Ng8 14. Nc4 d5 15. Ne3
c5 16. g4 f5 17. gxf5 gxf5 18. Bxf5 Nh6 19. Bh3 Rg8 20. Kh1 O-O-O 21. f5 exf5
22. Bxf5 Rdf8 23. Bh3 Kb8 24. Rg1 Nxe5 25. Rxg7 Rxg7 26. Nxe5 Rfg8 27. Qh5 Nf7
28. Nf5 Qxe5 29. Nxg7 Qxg7 30. Bf4+ Ka7 31. Be3 Qg6 32. Qxg6 Rxg6 33. Rg1 Rxg1+
34. Kxg1 cxd4 35. Bxd4 Nd6 36. Kf2 Bc6 37. Be6 Kb7 38. Kf3 Ne8 39. Kf4 Kc7 40.
Ke5 1-0

[Event "SK Gescher 1 - Südlohner SV 2"]
[Site "Verbandsliga 2019/2020"]
[Date "2020.02.01"]
[Round "6.6"]
[White "Iking, Bernhard"]
[Black "Teloeken, Stefan"]
[Result "1/2-1/2"]
[WhiteElo "1748"]
[BlackElo "1803"]
[PlyCount "74"]
[EventDate "2020.??.??"]
[SourceDate "2019.09.14"]

1. d4 d5 2. c4 c6 3. cxd5 cxd5 4. Nc3 Nc6 5. Nf3 g6 6. Bf4 Bg7 7. e3 a6 8. Qb3
Nf6 9. Bd3 O-O 10. Rc1 Na5 11. Qb4 Nc6 12. Qa3 Qa5 13. Qxa5 Nxa5 14. Na4 Nd7
15. O-O b5 16. Nc5 Nc4 17. b3 Ncb6 18. h3 Re8 19. Bc7 Ra7 20. Nxd7 Nxd7 21. Rc2
Ra8 22. Rfc1 Bb7 23. Bg3 f6 24. Rc7 Bc8 25. Be2 Nf8 26. Bd3 Ne6 27. R7c2 Bb7
28. Be2 Rac8 29. Ne1 Rxc2 30. Rxc2 Rc8 31. Bf3 Rxc2 32. Nxc2 Ng5 33. Bg4 f5 34.
Be2 Ne4 35. Bd3 Nxg3 36. fxg3 e5 37. dxe5 Bxe5 1/2-1/2

[Event "SK Gescher 1 - Südlohner SV 2"]
[Site "Verbandsliga 2019/2020"]
[Date "2020.02.01"]
[Round "6.7"]
[White "Schlattmann, Martin"]
[Black "Frieske, Hilmar"]
[Result "1-0"]
[WhiteElo "1731"]
[BlackElo "1728"]
[PlyCount "69"]
[EventDate "2020.??.??"]
[SourceDate "2019.09.14"]

1. e4 e5 2. Nf3 Nc6 3. Bc4 Bc5 4. c3 Nf6 5. d4 exd4 6. e5 d5 7. Bb5 Ne4 8. Nxd4
Bd7 9. Bxc6 bxc6 10. Qh5 g6 11. Qh6 Bf8 12. Qe3 Nc5 13. O-O Ne6 14. Nd2 Bg7 15.
f4 Nxd4 16. cxd4 O-O 17. Nb3 Re8 18. Bd2 Bf8 19. Rac1 Rb8 20. a3 Qc8 21. Rc3
Qb7 22. Bc1 Qb5 23. h3 f5 24. Nd2 a5 25. Re1 Kg7 26. Rb3 Qa6 27. Rxb8 Rxb8 28.
e6 Re8 29. Qe5+ Kh6 30. Qf6 Be7 31. Qf7 Qc8 32. exd7 Qxd7 33. Nf3 Qd8 34. g4 c5
35. g5+ 1-0

[Event "SK Gescher 1 - Südlohner SV 2"]
[Site "Verbandsliga 2019/2020"]
[Date "2020.02.01"]
[Round "6.8"]
[White "Robers, Frank"]
[Black "Janssen, Guido"]
[Result "1/2-1/2"]
[WhiteElo "1644"]
[BlackElo "1668"]
[PlyCount "64"]
[EventDate "2020.??.??"]
[SourceDate "2019.09.14"]

1. e4 c5 2. Nf3 d6 3. g3 Nf6 4. d3 Bd7 5. Bg2 Bc6 6. O-O e6 7. Re1 Nbd7 8. Nbd2
Be7 9. Nf1 O-O 10. Bg5 h6 11. Bd2 b5 12. h3 Qc7 13. g4 Rfc8 14. Ng3 Ne8 15. g5
hxg5 16. Bxg5 Bf6 17. Bxf6 Nexf6 18. c3 Rab8 19. d4 b4 20. Ng5 bxc3 21. bxc3
cxd4 22. cxd4 Qa5 23. h4 Rb2 24. Re2 Ba4 25. Qe1 Qxe1+ 26. Raxe1 Rcc2 27. Rxc2
Rxc2 28. Re2 Rc1+ 29. Kh2 Rd1 30. Nf3 Ng4+ 31. Kh3 Ngf6 32. Rd2 Rc1 1/2-1/2